000
00293 a2200133 4500
020
_a
9505580274
020
_a
9789505580279
041
_a
spa
100
_a
Bird, Poldy
245
_a
Cuentos con niebla / Poldy Bird.
260
_a
Argentina : Ediciones, 1983.
300
_a
170 p
942
_c
BK
999
_c
1515
_d
1515